000
00275 a2200097 4500
082
_a
954.91 SAF
100
_a
Mahmood, Dr. Safdar
245
_a
International Affairs
_c
Dr. Safdar Mahmood
260
_a
Pakistan :
_b
Jang Publishers,
_c
2006
300
_a
719p. :
_b
ill. ;
_c
25 cm
650
_a
International Affairs
999
_c
1872
_d
1872